Gaming Quiz

Random Gaming or Chinese Quiz
Score 0/18 Timer 04:00
4 Plays Today
% Correct
Circle Suit
89%
Green Dragon
86.1%
Red Dragon
85.4%
Bamboo Suit
81.3%
Myriad Suit
77.7%
Chrysanthemum
(flower)
71%
Winter
(season)
69.6%
White Dragon
69%
Spring
(season)
68.1%
% Correct
Bamboo
(flower)
67.8%
Autumn
(season)
66.8%
Summer
(season)
62.2%
Plum
(flower)
59.5%
Orchid
(flower)
59.5%
South Wind
57.2%
West Wind
56.8%
East Wind
53.4%
North Wind
51.2%
Remove Ads.
Support Sporcle.
Get the best of Sporcle when you Go Orange. This ad-free experience offers more features, more stats, and more fun while also helping to support Sporcle. Thank you for becoming a member.

You're not logged in!

Compare scores with friends on all Sporcle quizzes.
OR
Log In

Show Comments

Extras

Top Quizzes Today


Score Distribution

Your Account Isn't Verified!

In order to create a playlist on Sporcle, you need to verify the email address you used during registration. Go to your Sporcle Settings to finish the process.

Report this User

Report this user for behavior that violates our Community Guidelines.

Details: